Statistics for 2017/18 Los Angeles Clippers Roster

Click here to take the quiz!

General Stats

  • This quiz has been taken 69 times
  • The average score is 4 of 15

Answer Stats

PositionPlayer% Correct
CDeAndre Jordan
83%
GLou Williams
75%
GPatrick Beverley
63%
GAustin Rivers
37%
FDanilo Gallinari
32%
GMilos Teodosic
27%
FBlake Griffin
20%
GJawun Evans
12%
CWillie Reed
12%
FWesley Johnson
10%
FBrice Johnson
7%
FMontrezl Harrell
7%
FSam Dekker
7%
GDeAndre Liggins
3%
CMareese Speights
2%

Score Distribution

Percentile by Number Answered

Percent of People with Each Score

Your Score History

You have not taken this quiz